Statistics for Top 5 Songs On Another One (Mac DeMarco)

Click here to take the quiz!

General Stats

  • This quiz has been taken 8 times
  • The average score is 4 of 5

Answer Stats

HintAnswer% Correct
74,143,948Another One
100%
93,306,206No Other Heart
88%
25,958,454A Heart Like Hers
75%
32,101,350The Way You'd Love Her
63%
20,396,044Without Me
63%

Score Distribution

Percentile by Number Answered

Percent of People with Each Score

Your Score History

You have not taken this quiz